[Event "FICGS class D 000267 email"]
[Site "FICGS email"]
[Date "2020.07.17"]
[Round "1"]
[White "Piantadosi, Angelo"]
[Black "Olsen, Sverre Eugen"]
[Result "0-1"]
[WhiteElo "1490"]
[BlackElo "1705"]
[PlyCount "50"]
[EventDate "2020.??.??"]
[EventType "tourn (corr)"]
[EventRounds "6"]
[SourceTitle "Corr 2022"]
[Source "ChessBase"]
[SourceDate "2021.10.24"]
[SourceVersion "1"]
[SourceVersionDate "2021.10.24"]
[SourceQuality "1"]

1. e4 e5 2. Nf3 Nc6 3. d4 exd4 4. Nxd4 Bc5 5. Be3 Qf6 6. c3 Nge7 7. Nc2 Bxe3 8. Nxe3 Qe5 9. Nd2 d5 10. Bd3 dxe4 11. Bxe4 Be6 12. 0-0 0-0-0 13. Qc2 Rxd2 14. Qxd2 Qxe4 15. Rad1 Rd8 16. Qc2 Qxc2 17. Nxc2 Rxd1 18. Rxd1 Bxa2 19. Nd4 Nxd4 20. Rxd4 Be6 21. Kf1 a5 22. Ke2 c5 23. Ra4 b6 24. b4 Nd5 25. bxc5 Nxc3+ 0-1

[Event "FICGS class D 000266 email"]
[Site "FICGS email"]
[Date "2020.06.08"]
[Round "1"]
[White "Csoma, Robert"]
[Black "Olsen, Sverre Eugen"]
[Result "0-1"]
[WhiteElo "1700"]
[BlackElo "1621"]
[PlyCount "60"]
[EventDate "2020.??.??"]
[EventType "tourn (corr)"]
[EventRounds "6"]
[SourceTitle "Corr 2022"]
[Source "ChessBase"]
[SourceDate "2021.10.24"]
[SourceVersion "1"]
[SourceVersionDate "2021.10.24"]
[SourceQuality "1"]

1. c4 Nf6 2. d4 e6 3. Nc3 Bb4 4. Qc2 0-0 5. Nf3 c5 6. e3 cxd4 7. exd4 b6 8. a3 Bxc3+ 9. Qxc3 d5 10. Be2 dxc4 11. Bxc4 Bb7 12. Be2 Nc6 13. 0-0 Rc8 14. Qd3 Ne7 15. h3 Nf5 16. Rd1 a5 17. Be3 Be4 18. Qb5 Nd5 19. Bd2 Qf6 20. Ne5 Nxd4 21. Ng4 Qg6 22. Qa4 Nxe2+ 23. Kf1 f5 24. Ne5 Qxg2+ 25. Kxe2 Rc2 26. Qd7 Nf4+ 27. Ke3 Bd5 28. Qa4 Rc4 29. Qxc4 Bxc4 30. Kxf4 g5+ 0-1

[Event "FICGS class D 000266 email"]
[Site "FICGS email"]
[Date "2020.06.08"]
[Round "1"]
[White "Trigance, Emile"]
[Black "Olsen, Sverre Eugen"]
[Result "0-1"]
[WhiteElo "1596"]
[BlackElo "1621"]
[PlyCount "42"]
[EventDate "2020.??.??"]
[EventType "tourn (corr)"]
[EventRounds "6"]
[SourceTitle "Corr 2022"]
[Source "ChessBase"]
[SourceDate "2021.10.24"]
[SourceVersion "1"]
[SourceVersionDate "2021.10.24"]
[SourceQuality "1"]

1. e4 e5 2. f4 exf4 3. Nf3 d5 4. exd5 Nf6 5. Bb5+ c6 6. dxc6 Nxc6 7. d4 Bd6 8. 0-0 0-0 9. Nbd2 Re8 10. Nc4 Bc7 11. Nce5 Nxe5 12. Nxe5 Bxe5 13. dxe5 Qb6+ 14. Kh1 Bg4 15. Qd3 Rxe5 16. Bc4 Be2 17. Qc3 Bxf1 18. Bxf1 Ne4 19. Qf3 Nf2+ 20. Kg1 Nh3+ 21. Kh1 Qg1# 0-1

[Event "ZL-2020-0-02204"]
[Site "LSS email"]
[Date "2020.01.28"]
[Round "?"]
[White "Gronbech, Torsten"]
[Black "Olsen, Sverre Eugen"]
[Result "0-1"]
[WhiteElo "1345"]
[BlackElo "1046"]
[PlyCount "60"]
[EventDate "2020.01.23"]
[EventType "match (corr)"]
[EventRounds "2"]
[EventCountry "GER"]
[SourceTitle "Corr 2022"]
[Source "ChessBase"]
[SourceDate "2021.10.24"]
[SourceVersion "1"]
[SourceVersionDate "2021.10.24"]
[SourceQuality "1"]

1. d4 Nf6 2. Bf4 g6 3. Nf3 Bg7 4. c4 0-0 5. Nc3 c5 6. d5 d6 7. e4 a6 8. Bd3 Bg4 9. 0-0 Nbd7 10. h3 Bxf3 11. Qxf3 Nh5 12. Rfe1 Nxf4 13. Qxf4 Ne5 14. Bc2 e6 15. Re3 Nxc4 16. Re2 Nxb2 17. Rb1 Bxc3 18. Qh6 exd5 19. e5 c4 20. g3 dxe5 21. Qc1 d4 22. Rxe5 Qf6 23. Be4 Qxe5 24. Bxb7 Rab8 25. Bxa6 Nd3 26. Qc2 Rxb1+ 27. Qxb1 Qe1+ 28. Qxe1 Bxe1 29. Bxc4 Nb2 30. Bb3 d3 0-1

[Event "OP-2018-0-04587"]
[Site "LSS email"]
[Date "2018.05.15"]
[Round "?"]
[White "Olsen, Sverre Eugen"]
[Black "Edwardson, Zachariah"]
[Result "0-1"]
[WhiteElo "1073"]
[BlackElo "1319"]
[PlyCount "62"]
[EventDate "2018.05.10"]
[EventType "tourn (corr)"]
[EventRounds "4"]
[EventCountry "GER"]
[SourceTitle "Corr 2022"]
[Source "ChessBase"]
[SourceDate "2021.10.24"]
[SourceVersion "1"]
[SourceVersionDate "2021.10.24"]
[SourceQuality "1"]

1. e4 c5 2. Nf3 d6 3. d4 cxd4 4. Nxd4 Nf6 5. Nc3 a6 6. Be3 e6 7. Be2 Be7 8. 0-0 Qc7 9. f4 0-0 10. g4 d5 11. e5 Ne4 12. Bd3 Nxc3 13. bxc3 Qxc3 14. Nb3 Bd7 15. Bd4 Qc7 16. Kh1 Ba4 17. c3 Nc6 18. Qe2 Rac8 19. f5 exf5 20. Bxf5 Bb5 21. Bd3 Bxd3 22. Qxd3 Nxd4 23. cxd4 Qd7 24. h3 Rc4 25. Rac1 Rfc8 26. Qe3 Ba3 27. Nc5 Bxc1 28. Rxc1 Rxc1+ 29. Qxc1 Qb5 30. Qd1 b6 31. Nb7 Qb2 0-1

[Event "OP-2018-0-04577"]
[Site "LSS email"]
[Date "2018.04.30"]
[Round "?"]
[White "Konstantinov, Maxim"]
[Black "Olsen, Sverre Eugen"]
[Result "1-0"]
[WhiteElo "2425"]
[BlackElo "1075"]
[PlyCount "61"]
[EventDate "2018.04.25"]
[EventType "tourn (corr)"]
[EventRounds "4"]
[EventCountry "GER"]
[SourceTitle "Corr 2022"]
[Source "ChessBase"]
[SourceDate "2021.10.24"]
[SourceVersion "1"]
[SourceVersionDate "2021.10.24"]
[SourceQuality "1"]

1. d4 Nf6 2. c4 e6 3. Nf3 b6 4. Bf4 Bb7 5. e3 Be7 6. h3 0-0 7. Nc3 d5 8. cxd5 exd5 9. Bd3 c5 10. 0-0 c4 11. Bc2 a6 12. Nh4 g6 13. Bh6 Re8 14. f4 Ne4 15. Nf3 Bf8 16. Bxf8 Kxf8 17. Bxe4 dxe4 18. Ne5 b5 19. f5 Nd7 20. Nxf7 Kxf7 21. fxg6+ Kxg6 22. Qg4+ Qg5 23. Qxd7 Qe7 24. Qg4+ Qg5 25. Qxg5+ Kxg5 26. Rf7 b4 27. Rg7+ Kh6 28. Rxb7 bxc3 29. bxc3 Rf8 30. Rab1 Rf6 31. Rc7 1-0

[Event "OP-2018-0-04577"]
[Site "LSS email"]
[Date "2018.04.30"]
[Round "?"]
[White "Olsen, Sverre Eugen"]
[Black "Abascal, Rodrigo"]
[Result "0-1"]
[WhiteElo "1075"]
[BlackElo "1472"]
[PlyCount "58"]
[EventDate "2018.04.25"]
[EventType "tourn (corr)"]
[EventRounds "4"]
[EventCountry "GER"]
[SourceTitle "Corr 2022"]
[Source "ChessBase"]
[SourceDate "2021.10.24"]
[SourceVersion "1"]
[SourceVersionDate "2021.10.24"]
[SourceQuality "1"]

1. e4 e5 2. Nf3 Nc6 3. Bb5 a6 4. Ba4 Nf6 5. d3 d6 6. 0-0 Be7 7. h3 b5 8. Bb3 Na5 9. c3 Nxb3 10. Qxb3 Be6 11. Qd1 c5 12. Re1 h6 13. a4 0-0 14. a5 Qc7 15. Nbd2 Qb7 16. b3 Rab8 17. d4 exd4 18. cxd4 d5 19. e5 Ne4 20. Nxe4 dxe4 21. Nh2 Rfd8 22. Qh5 Rxd4 23. Rb1 Qd5 24. Nf1 Rd8 25. Bf4 Rd3 26. Ne3 Qd7 27. g4 Bf8 28. Kg2 Rxb3 29. Rxb3 Bxb3 0-1